Statistics for NBA Rookies of the Year who won MVP

Click here to take the quiz!

General Stats

  • This quiz has been taken 44 times
  • The average score is 12 of 16

Answer Stats

ROY YearMVP Year(s)Player% Correct
20042009-10, 2012-13LeBron James
100%
19851988, 1991-92,
1996, 1998
Michael Jordan
100%
19932000Shaquille O'Neal
98%
19801984-1986Larry Bird
95%
19972001Allen Iverson
90%
20092011Derrick Rose
88%
20082014Kevin Durant
88%
19982002, 2003Tim Duncan
88%
19601960, 1966-68Wilt Chamberlain
85%
19901995David Robinson
78%
19611964Oscar Robertson
68%
19651970Willis Reed
63%
19691969Wes Unseld
60%
19731975Bob McAdoo
58%
19711973Dave Cowens
53%
19551956, 1959Bob Petit
23%

Score Distribution

Percentile by Number Answered

Percent of People with Each Score

Your Score History

You have not taken this quiz